00552nam a2200205 a 4500001001300000003000900013005001700022008004100039020001000080082001700090100001800107245005800125260004500183300000800228500003500236505001400271650002300285650002000308700001800328nice12345678IN_TiNIC20260116013928.0050524s1952 lona grp 000 0 eng  ac44100a954.025bWEL aWellesz, Emmy aAkbar`s Religious Thought Reflected in Mogul Painting aLondonbGeorge Allen and Unwin Ltdc1952 a47p aincludes index and biblioraphy2 a40 Plates aMughal India-Akbar aPainting-Mughal1 aWellesz, Emmy